| 000 | 01100nam a2200205Ia 4500 | ||
|---|---|---|---|
| 999 |
_c37445 _d37445 |
||
| 001 | 3404 | ||
| 003 | GE_BSU | ||
| 005 | 20190606194910.0 | ||
| 008 | 181216s1977||||ge |||||||||||||| ||geo|| | ||
| 040 | _cGE_BSU | ||
| 041 | _ageo | ||
| 080 | _a621.1(075.8)+536+681 ლ-86 | ||
| 100 |
_aლოსაბერიძე, ა. _91068 |
||
| 245 |
_aთბოტექნიკური გაზომვები და თბური პროცესების ავტომატიზაცია : ნაწ. l . თბიექტური გაზომვები და ხელსაწყოები / _c ა. ლოსაბერიძე ; რედ : ვ .გოგსაძე. |
||
| 264 |
_aთბილისი : _bგანათლება, _c1977. |
||
| 300 |
_a258 გვ .: _bცხრ. _c22 სმ. |
||
| 653 | _aთბოტექნიკური გაზომვები; თბური პროცესების ავტომატიზაცია. | ||
| 700 |
_aგოგსაძე, ვ _eრედაქტორი _9496 |
||
| 942 |
_cBK _2udc |
||